| 000 | 00521nam a2200181Ia 4500 | ||
|---|---|---|---|
| 999 |
_c6335 _d6335 |
||
| 003 | OSt | ||
| 005 | 20200215110457.0 | ||
| 008 | 190216s9999||||xx |||||||||||||| ||und|| | ||
| 020 | _a8127201413 | ||
| 040 | _coclc | ||
| 082 |
_a657.42 _bJAI/C |
||
| 100 |
_aJain, S P _91169 |
||
| 245 | 0 |
_aCosting Methods And Techniques / _cS P Jain ; K L Narang |
|
| 260 |
_bKalyani Publisher, _c2001. _aLudhiana: |
||
| 300 | _a464p | ||
| 650 | _aCost Accounting | ||
| 942 |
_cBK _2ddc _h657.42 _iJAI/C _k657.42 _mJAI/C |
||